L'espagnol par les chansons (Record no. 171968)

MARC details
000 -LEADER
campo de control de longitud fija 01115nam a2200265 i 4500
001 - NÚMERO DE CONTROL
campo de control 171968
003 - IDENTIFICADOR DE NÚMERO DE CONTROL
campo de control ES-MaACL
005 - FECHA Y HORA DE LA ÚLTIMA TRANSACCIÓN
campo de control 20230906214759.0
008 - DATOS DE LONGITUD FIJA--INFORMACIÓN GENERAL
campo de control de longitud fija 090609s1999 fr ag |||| | spa d
020 ## - NÚMERO INTERNACIONAL ESTÁNDAR DEL LIBRO
Número Internacional Estándar del Libro 2-266-09671-0
080 ## - NÚMERO DE LA CLASIFICACIÓN DECIMAL UNIVERSAL
Número de la Clasificación Decimal Universal 811.134.2(076)
245 02 - MENCIÓN DEL TÍTULO
Título L'espagnol par les chansons
Resto del título : canciones y ritmos de España e Hispanoamérica /
Mención de responsabilidad, etc. choix, traduction et notes de Julián Garavito, José G. Marrón, Christian Régnier ; arrangement musical, Daniel Barda.
246 30 - FORMA VARIANTE DEL TITULO
Título propio/Titulo breve Canciones y ritmos de España e Hispanoamérica
260 ## - PUBLICACIÓN, DISTRIBUCIÓN, ETC.
Lugar de publicación, distribución, etc. Paris :
Nombre del editor, distribuidor, etc. Pocket,
Fecha de publicación, distribución, etc. 1999.
300 ## - DESCRIPCIÓN FÍSICA
Extensión 222 p. :
Otras características físicas il., mús. ;
Dimensiones 18 cm.
490 1# - MENCIÓN DE SERIE
Mención de serie Langues pour tous ;
Designación de volumen o secuencia 8526.
Mención de serie Bilingue
546 ## - NOTA DE IDIOMA
Nota de lengua/lenguaje Texto en español y traducción en francés.
594 ## - Nota al título y mención de responsabilidad
Nota al título y mención de responsabilidad En cub.: Pour acquérir le rythme de la langue.
650 #4 - PUNTO DE ACCESO ADICIONAL DE MATERIA--TÉRMINO DE MATERIA
Término de materia o nombre geográfico como elemento de entrada Canciones populares-
Subdivisión geográfica España.
9 (RLIN) 10733
650 04 - PUNTO DE ACCESO ADICIONAL DE MATERIA--TÉRMINO DE MATERIA
Término de materia o nombre geográfico como elemento de entrada Lengua española-
Subdivisión general Lecturas.
9 (RLIN) 14168
700 1# - ENTRADA AGREGADA--NOMBRE PERSONAL
Nombre de persona Garavito, Julián.
9 (RLIN) 140578
830 0# - PUNTO DE ACCESO ADICIONAL DE SERIE-TÍTULO UNIFORME
Título uniforme Langues pour tous ;
Designación de volumen o secuencia 8526.
Título uniforme Bilingue
9 (RLIN) 223237
852 ## - LOCALIZACIÓN
Ubicación ES-MaACL
Número de control de estantería E-12674
Nota libre . - Biblioteca Jacinto Martínez Lacalle
Holdings
Estatus retirado Estado de pérdida Estado de daño No para préstamo Biblioteca de origen Biblioteca actual Ubicación en estantería Fecha de adquisición Fuente de adquisición Total de préstamos Signatura topográfica completa Código de barras Visto por última vez Precio de reemplazo Tipo de ítem Koha
        Biblioteca del Ateneo de Madrid Biblioteca del Ateneo de Madrid Depósito 2 09/06/2009     E-12674 1180473 23/02/2023 23/02/2023 Libro impreso